Rozšírenie knižnice StegoDisk o podporu FUSE
Guardado en:
| Autor principal: | |
|---|---|
| Otros Autores: | |
| Formato: | Manuscrito Libro |
| Lenguaje: | eslovaco |
| Publicado: |
2018
|
| Materias: | |
| Acceso en línea: | http://is.stuba.sk/zp/portal_zp.pl?podrobnosti=137551 |
| Etiquetas: |
Sin Etiquetas, Sea el primero en etiquetar este registro!
|
MARC
| LEADER | 00000ntm a22000003a 4500 | ||
|---|---|---|---|
| 001 | stuzp68454 | ||
| 003 | SK-STU | ||
| 005 | 20181214120948.6 | ||
| 007 | ta | ||
| 008 | 150427s2015----xo-----f-mn---000-0-slo-d | ||
| 040 | |a STU |b slo | ||
| 041 | 0 | |a slo | |
| 044 | |a xo | ||
| 100 | 1 | |a Vismek, Marián |u 035000 |4 aut |U FEI Fakulta elektrotechniky a informatiky |T FEI Ústav informatiky a matematiky |X 70094 |U E050 |Y 816 |7 70094 | |
| 242 | 0 | 1 | |a Extension of StegoDisk library for FUSE support |y eng |
| 245 | 1 | 0 | |a Rozšírenie knižnice StegoDisk o podporu FUSE |
| 260 | |c 2018 | ||
| 300 | |a 32 s., príl. | ||
| 650 | 4 | |a veracrypt |2 slo | |
| 650 | 4 | |a stegodisk |2 slo | |
| 650 | 4 | |a fuse |2 slo | |
| 650 | 4 | |a steganografia |2 slo | |
| 650 | 4 | |a kryptografia |2 slo | |
| 650 | 4 | |a fuse |2 eng | |
| 650 | 4 | |a veracrypt |2 eng | |
| 650 | 4 | |a stegodisk |2 eng | |
| 650 | 4 | |a steganography |2 eng | |
| 650 | 4 | |a cryptography |2 eng | |
| 700 | 1 | |a Jókay, Matúš |u 035000 |k Z1 |4 ths |U FEI Fakulta elektrotechniky a informatiky |T FEI Ústav informatiky a matematiky |X 10139 |U E050 |Y 816 |7 A000010139 | |
| 856 | 4 | |u http://is.stuba.sk/zp/portal_zp.pl?podrobnosti=137551 | |
| 996 | |b 284EP12120 |c E*DIPL- 12120 |l EE35 |s P |a 0 |w stuzp68454_0001 | ||